000 00856nam a2200253Ia 4500
003 OSt
005 20221005112428.0
006 a|||||r|||| 00| 0
007 ta
008 221004b |||||||| |||| 00| 0 pan d
020 _cIndian Rupees 200.00
024 _a28011
037 _bGift, 04/11/2016,
_cTextual
040 _aCRL
_cCRL
_bpan
041 _2pan
_apan
082 _aO153,1NSI,MP, Q4
100 _aਚਰਨ ਸਿੰਘ
245 0 _aਮੈ੍ਵ, ਪਰਾ - ਡੰਡੀ ਮੰਗ਼ਿਲ ਤੇ ਕਮਰਾ
260 _aਚੰਡੀਗੜ
_bਪੰਜਾਬ ਬੁੱਕ ਸੈ੍ਵਟਰ ਭਾਰਤ
_c2014
300 _a112ਪ੍ਰ0
_ccm.
650 _aਪੰਜਾਬੀ ਸਾਹਿਤ
942 _hO153,1NSI,MP, Q4
_cTEXL
_2cc
999 _c1024862
_d1024862